Najczęściej odwiedzane państwa w Afryce - Statystyki

Ogólne statystyki
  • Ten quiz został rozwiązany 902 razy
  • Średni wynik to 6 z 10
Statystyki odpowiedzi
Turyści (w 2016 r.) Kraj % Poprawnych
5.3 million Egipt
98%
10.0 million Republika Południowej Afryki
93%
10.3 million Maroko
89%
5.7 million Tunezja
82%
2.0 million Algieria
78%
1.9 million Nigeria
68%
1.5 million Namibia
27%
1.6 million Mozambik
26%
1.6 million Wybrzeże Kości Słoniowej
26%
2.2 million Zimbabwe
26%
Nie znaleziono quizów pasujących do podanych kryteriów
Rozkład punktacji
Procent ludzi z każdym wynikiem
Percentyl według liczby udzielonych odpowiedzi
Twoja historia wyników
Nie rozwiązałeś tego quizu